Shadow command /

General Patrick McLanahan, commander of the new Aerospace Battle Force, ignores directives from the White House and Pentagon to stand down and orders the ABF to attack secret Russian bases in Iran in an attempt to thwart Russian aggression.

Gespeichert in:
Bibliographische Detailangaben
1. Verfasser: Brown, Dale, 1956-
Format: Buch
Sprache:Englisch
Veröffentlicht: New York : William Morrow, 2008.
Schlagworte:
Online-Zugang:Contributor biographical information
Publisher description
Tags: Tag hinzufügen
Keine Tags, Fügen Sie das erste Tag hinzu!

MARC

LEADER 00000cam a2200000 a 4500
001 0000058228
003 DLC
005 20171002023030.0
008 080811s2008 nyu 000 1 eng d
010 |a  2008298352 
020 |a 0061173118 
020 |a 9780061173110 
040 |d EOtanga 
042 |a lccopycat 
043 |a n-us---  |a a-ir---  |a e-ru--- 
050 1 |a PS3552  |b .R68S47 
082 0 4 |a 813/.54  |2 22 
100 1 |a Brown, Dale,  |d 1956-. 
245 1 0 |a Shadow command /  |c Dale Brown. 
260 |a New York :  |b William Morrow,  |c 2008. 
300 |a xx, 355 p ;  |c 24 cm. 
520 |a General Patrick McLanahan, commander of the new Aerospace Battle Force, ignores directives from the White House and Pentagon to stand down and orders the ABF to attack secret Russian bases in Iran in an attempt to thwart Russian aggression. 
610 1 0 |a United States.  |b Air Force  |x Weapons systems  |v Fiction. 
650 0 |a Air pilots, Military  |v Fiction. 
650 0 |a McLanahan, Patrick (Fictitious character)  |v Fiction. 
651 0 |a Iran  |v Fiction. 
651 0 |a Russia (Federation)  |x Military relations  |z United States  |v Fiction. 
651 0 |a United States  |x Military relations  |z Russia  |v Fiction. 
655 7 |a Suspense fiction  |2 gsafd. 
655 7 |a War stories  |2 gsafd. 
856 4 2 |3 Contributor biographical information  |u http://www.loc.gov/catdir/enhancements/fy0911/2008298352-b.html 
856 4 2 |3 Publisher description  |u http://www.loc.gov/catdir/enhancements/fy0911/2008298352-d.html 
908 |a 140728 
942 |c G 
952 |0 0  |1 0  |4 0  |6 PS_3552_000000000000000_R68S47_2008  |7 0  |9 66516  |a DUN  |b DUN  |c GC  |d 2017-09-28  |g 0.00  |l 1  |o PS3552.R68S47 2008  |p BK97281  |r 2023-06-26 00:00:00  |s 2023-06-06  |w 2017-09-28  |x 97281  |y G 
999 |c 35375  |d 35375